| 000 | 00953nam a2200289Ia 4500 | ||
|---|---|---|---|
| 003 | OSt | ||
| 005 | 20220928102630.0 | ||
| 006 | a|||||r|||| 00| 0 | ||
| 007 | ta | ||
| 008 | 220927b |||||||| |||| 00| 0 eng d | ||
| 020 | _cINR 895.00 | ||
| 024 | _a144932 | ||
| 037 |
_b56, 01/03/2021, Classic Book Service _cTextual |
||
| 040 |
_aSDCL _cSDCL _beng |
||
| 041 |
_2eng _aeng |
||
| 082 | _aY15, Q8 | ||
| 100 |
_aSingh Snigdha Ed. _9399495 |
||
| 245 | 0 |
_aBeyond the women question _b Reconstructing gendred identities in early india |
|
| 260 |
_aDelhi _bPrimus Books _c2018 |
||
| 300 |
_a171p. _ccm. |
||
| 650 | _aHistory | ||
| 700 |
_a Bhattacharya Shatarupa _9399496 |
||
| 700 |
_a Bhushan Shwetanshu _9399497 |
||
| 700 |
_a Sheemar Tara _9399498 |
||
| 942 |
_hY15, Q8 _cTEXL _2CC |
||
| 999 |
_c715359 _d715359 |
||